| 000 | 00637nas a2200229 4500 | ||
|---|---|---|---|
| 001 | BR6700282 | ||
| 003 | BR-BrBNA | ||
| 005 | 20231205082236.0 | ||
| 007 | ta | ||
| 008 | 230509b bl.|||p| |||| 00| 00por d | ||
| 040 |
_aBR-BrBNA _bpor _cBiblioteca Nacional de Agricultura |
||
| 041 | _a(Pt) | ||
| 072 | _aN20 | ||
| 100 | 1 | _aConill, A. | |
| 245 | 1 | _aManejo de tratores de rodas | |
| 650 | _aEquipamento rural | ||
| 650 | _aTrator | ||
| 650 | _aRio Grande do Sul | ||
| 773 | 0 |
_tLavoura Arrozeira (Brazil) _xISSN 0023-9143 _g(May 1967), v. 21(237) p. 28 _wBR6700282 |
|
| 909 |
_a202311 _bLúcia _c55 _dLúcia Elande |
||
| 942 |
_2AGRIS _n0 _cANA |
||
| 999 |
_c90248 _d90248 |
||